Government and politics in Latin America
Αποθηκεύτηκε σε:
| Κύριος συγγραφέας: | |
|---|---|
| Μορφή: | Βιβλίο |
| Γλώσσα: | Αγγλικά |
| Έκδοση: |
Nueva York
Ronald
1958
|
| Θέματα: | |
| Ετικέτες: |
Προσθήκη ετικέτας
Δεν υπάρχουν, Καταχωρήστε ετικέτα πρώτοι!
|
MARC
| LEADER | 00000nam a2200000 a 4500 | ||
|---|---|---|---|
| 001 | UCT7126 | ||
| 003 | CL-VaPUC | ||
| 008 | 970116e19580000US |||||||||||||||||eng|d | ||
| 082 | 0 | 4 | |a 320.48 |b DAV |2 21 |
| 100 | 0 | |a Davis, Harold Eugene |e author |9 377832 | |
| 245 | 1 | 0 | |a Government and politics in Latin America |
| 300 | |a 539 p | ||
| 942 | |c BK | ||
| 945 | |d 19970116 00:00:00 |a paguirre | ||
| 260 | |a Nueva York |b Ronald |c 1958 | ||
| 650 | 0 | |a Gobierno |9 255508 | |
| 650 | 7 | |a SISTEMAS POLITICOS |2 CL-VaPUC |9 377833 | |
| 650 | 0 | |a Política |9 255312 | |
| 650 | 0 | |a Desarrollo político |9 323087 | |
| 650 | 0 | |a Fuerzas Armadas |9 255504 | |
| 650 | 0 | |a Partidos políticos |9 254999 | |
| 650 | 0 | |a Elecciones |9 254997 | |
| 650 | 0 | |a Poder político |9 255509 | |
| 650 | 7 | |a PRESIDENCIA |2 CL-VaPUC |9 341215 | |
| 650 | 0 | |a Poder ejecutivo |9 255177 | |
| 650 | 0 | |a Poder legislativo |9 258808 | |
| 650 | 0 | |a Relaciones Internacionales |9 255740 | |
| 651 | 0 | |a América Latina |9 255027 | |
| 583 | |a last modification |c 19970116 00:00:00 |k Rodrigo Vera | ||
| 999 | |c 255786 |d 255784 | ||
| 952 | |0 0 |1 0 |4 0 |6 320_480000000000000_DAV_1958 |7 0 |8 P |9 278204 |a BIBDER |b BIBDER |d 2019-11-19 |i 1806513 |o 320.48 DAV 1958 |p 1806513 |r 2023-01-25 |w 2019-11-19 |y BK |k DER | ||